good boyyy - Statistics

General Stats
  • This quiz has been taken 31 times
  • The average score is 4 of 5
Answer Stats
Question Answer % Correct
how do you spell this word funny
92%
how to spell this fruit watermelon
88%
wht abt this banana
75%
have u subbed to casualcapybara on yt yes
67%
first letter of the alphabet A
63%
No matching quizzes found
Score Distribution
Percent of People with Each Score
Percentile by Number Answered
Your Score History
You have not taken this quiz